[Event "ROM-ch (Women)"]
[Site "Eforie Nord"]
[Date "2022.02.21"]
[Round "2"]
[White "Peptan, Corina Isabela"]
[Black "Petculescu, Diana Silvana"]
[Result "1-0"]
[WhiteElo "2384"]
[BlackElo "1402"]
[PlyCount "43"]
[EventDate "2022.02.20"]
[EventType "swiss"]
[EventRounds "9"]
[EventCountry "ROU"]
[SourceTitle "CBM 207 Extra"]
[Source "ChessBase"]
[SourceDate "2022.05.31"]
[SourceVersion "1"]
[SourceVersionDate "2022.05.31"]
[SourceQuality "1"]

1. d4 Nf6 2. c4 e6 3. Nf3 b6 4. Nc3 Bb4 5. Bd2 0-0 6. e3 Bb7 7. Be2 d5 8. a3 Be7 9. cxd5 Nxd5 10. 0-0 Nd7 11. Qc2 c5 12. Rac1 Rc8 13. Nxd5 Bxd5 14. Ba6 Rb8 15. e4 Bb7 16. Bxb7 Rxb7 17. Bf4 cxd4 18. Nxd4 Nc5 19. Rfd1 Qe8 20. b4 Qa4 21. bxc5 Qxa3 22. c6 1-0

[Event "ROM-ch U14 Girls"]
[Site "Mamaia"]
[Date "2021.04.11"]
[Round "6"]
[White "Chicarosie, Ioana Bianca"]
[Black "Petculescu, Diana Silvana"]
[Result "1-0"]
[WhiteElo "1542"]
[BlackElo "1393"]
[PlyCount "83"]
[EventDate "2021.04.07"]
[EventType "swiss"]
[EventRounds "9"]
[EventCountry "ROU"]
[SourceTitle "EXT 2022"]
[Source "ChessBase"]
[SourceDate "2021.10.06"]
[SourceVersion "1"]
[SourceVersionDate "2021.10.06"]
[SourceQuality "1"]

1. d4 Nf6 2. Nf3 d5 3. g3 e6 4. Bg2 b5 5. 0-0 Bb7 6. b3 Be7 7. Bb2 Nbd7 8. Nbd2 c5 9. c4 bxc4 10. bxc4 0-0 11. Re1 Qc7 12. cxd5 Nxd5 13. dxc5 Bxc5 14. Nb3 Bb6 15. Rc1 Qd8 16. Bd4 Rc8 17. e3 Rxc1 18. Qxc1 Qe7 19. Qb2 f6 20. Nfd2 Rc8 21. Rc1 Rxc1+ 22. Qxc1 Bxd4 23. Nxd4 N7b6 24. N2b3 Kf7 25. Nc5 Bc8 26. e4 Nc7 27. Nc6 Qd6 28. Nxa7 Na6 29. Nxc8 Nxc8 30. Nxa6 Qxa6 31. Qc7+ Ne7 32. Qc2 Nc8 33. Qb2 Qd6 34. Qb7+ Ne7 35. Bf3 Qa3 36. Qb3 Qxb3 37. axb3 Nc6 38. Be2 Ke7 39. f4 Kd6 40. Kf2 Kc5 41. Ke3 Nd4 42. b4+ 1-0

[Event "FISCA Online U14 op"]
[Site "Chess.com INT"]
[Date "2020.05.16"]
[Round "8"]
[White "Petculescu, Diana Silvana"]
[Black "Popa, Eduard Gabriel"]
[Result "1-0"]
[WhiteElo "1393"]
[BlackElo "1026"]
[PlyCount "101"]
[EventDate "2020.05.09"]
[EventType "swiss"]
[EventRounds "9"]
[EventCountry "ROU"]
[SourceTitle "EXT 2021"]
[Source "ChessBase"]
[SourceDate "2020.10.23"]
[SourceVersion "1"]
[SourceVersionDate "2020.10.23"]
[SourceQuality "1"]

1. e4 e5 2. Nf3 Nc6 3. d4 exd4 4. Bc4 h6 5. Nxd4 Nxd4 6. Qxd4 d6 7. Nc3 Nf6 8. 0-0 Be7 9. f3 0-0 10. Be3 c6 11. Rad1 a6 12. Qd2 b5 13. Bd3 Be6 14. Qf2 Kh8 15. Ne2 d5 16. e5 Nd7 17. f4 f6 18. Qg3 fxe5 19. fxe5 Bh4 20. Qg6 Rxf1+ 21. Rxf1 Qg8 22. Qh5 Rf8 23. Rxf8 Qxf8 24. Qxh4 Nxe5 25. Bd4 Ng4 26. h3 c5 27. hxg4 cxd4 28. Nxd4 Bf7 29. g5 Qe8 30. gxh6 Qe3+ 31. Qf2 Qxf2+ 32. Kxf2 gxh6 33. Nf5 Kh7 34. Ne7+ Kg7 35. Nf5+ Kh7 36. Nd6+ Kg7 37. Nxf7 Kxf7 38. Ke3 h5 39. Kd4 Ke6 40. g3 Kf6 41. Be2 b4 42. Bxa6 Kf5 43. Be2 Kg5 44. Kxd5 h4 45. gxh4+ Kxh4 46. a4 bxa3 47. bxa3 Kh3 48. a4 Kg2 49. a5 Kf2 50. Bd3 Ke3 51. a6 1-0

[Event "ROM-ch U10 Girls"]
[Site "Baile Felix"]
[Date "2017.02.07"]
[Round "7"]
[White "Petculescu, Diana Silvana"]
[Black "Fileru, Maria"]
[Result "0-1"]
[WhiteElo "1221"]
[BlackElo "1314"]
[PlyCount "68"]
[EventDate "2017.02.02"]
[EventType "swiss"]
[EventRounds "9"]
[EventCountry "ROU"]
[SourceTitle "CBM 176 Extra"]
[Source "ChessBase"]
[SourceDate "2017.03.02"]
[SourceVersion "1"]
[SourceVersionDate "2017.03.02"]
[SourceQuality "1"]

1. e4 e5 2. Nf3 Nc6 3. d4 exd4 4. Nxd4 Bc5 5. Be3 Qf6 6. c3 Nge7 7. Bc4 Ne5 8. Bb3 d5 9. exd5 Qg6 10. Ba4+ Kf8 11. 0-0 Bh3 12. g3 Qe4 13. f3 Qxe3+ 14. Rf2 Nd3 15. Qd2 Qxf2+ 16. Qxf2 Nxf2 17. Kxf2 Nxd5 18. Nd2 Bxd4+ 19. cxd4 c6 20. g4 h5 21. Kg3 hxg4 22. fxg4 Nf6 23. g5 Nd5 24. Nf3 f6 25. Nh4 Kg8 26. Bb3 fxg5 27. Ng6 Rh6 28. Ne7+ Kh8 29. Bxd5 cxd5 30. Nxd5 Rd8 31. Ne3 Rxd4 32. Rc1 Rc6 33. Rxc6 bxc6 34. Kxh3 Rd3 0-1